000 00312nam a22001337a 4500
008 170801b xxu||||| |||| 00| 0 eng d
020 _a9783540607489
041 _aeng
080 _a004
100 _a32
101 _aSHK
245 _aCOMPUTER AIDED SYSTEMS THEORY- EUROCAST' 95
_cPICHLER,F
942 _2udc
_cBK
999 _c22381
_d22381